00000000nam##2200000za#4500
0019.588185
003CaOODSP
00520210624195010
007cr |||||||||||
008150406|2003||||xxc|||||o    f|0| 0 eng|d
022 |a1488-5379
040 |aCaOODSP|beng
041 |aeng
041 |afre
043 |an-cn---
0861 |aFs97-6/2510-PDF
1101 |aCanada. |bDepartment of Fisheries and Oceans.
24510|aProceedings of the 30th Annual Aquatic Toxicity Workshop : |h[electronic resource]|bSeptember 28 to October 1, 2003, Ottawa Ontario / |cEditors K. Hedley, S. Roe and A.J. Niimi.
260 |aOttawa - Ontario : |bFisheries and Oceans Canada |cc2003.
300 |a185p.
4901 |aCanadian technical report of fisheries and aquatic sciences|x1488-5379|vNo. 2510
500 |aThe catalogue number and ISSN for the print edition appear in this electronic version.
546 |aPrefatory texts in English and French. Articles in their original languages.
590 |a12-38-Supp|b2012-09-27
7201 |aNiimi, A. J.
7201 |aHedley, K.
7201 |aRoe, S.
7760#|tComptes rendus du 30e atelier annuel sur la toxicité aquatique : |w(CaOODSP)9.539441
792 |tComptes rendus du 30e atelier annuel sur la toxicité aquatique : |efre|w(CaOODSP)9.588186
830#0|aCanadian technical report of fisheries and aquatic sciences,|x1488-5379|vNo. 2510|w(CaOODSP)9.500269
85640|ahttp://publications.gc.ca|qPDF|s11,610 KB|uhttps://publications.gc.ca/collections/collection_2012/mpo-dfo/Fs97-6-2510.pdf|yNo. 2510